Statistics for Architects #2

Click here to take the quiz!

General Stats

  • This quiz has been taken 58 times
  • The average score is 5 of 13

Answer Stats

WorkLocationAnswer% Correct
Guggenheim museumBilbaoFrank Gehry
86%
Sydney Opera HouseSydneyJørn Utzon
68%
BauhausDessauWalter Gropius
61%
Wembley StadiumLondonNorman Foster
57%
Esprit Nouveau PavilionParisLe Corbusier
50%
The ShardLondonRenzo Piano
45%
Helsinki Central Railway StationHelsinkiEliel Saarinen
43%
The Jewish MuseumBerlinDaniel Liebeskind
27%
Getty MuseumLos AngelesRichard Meier
20%
Petronas TowersKuala LumpurCesar Pelli
18%
Aarhus City HallAarhusArne Jacobsen
14%
Pacific Palisades homeLos AngelesCharles & Ray Eames
14%
UNESCO HeadquartersParisMarcel Breuer
11%

Score Distribution

Percentile by Number Answered

Percent of People with Each Score

Your Score History

You have not taken this quiz